000 00647nam a2200253 a 4500
001 nice12345678
003 IN_TiNIC
005 20260116013149.0
008 050524s1995 newa grp 000 0 eng
020 _a0883444
_c882
082 0 0 _a305.420960
_bODU
100 _aOduyoye, Mercy Amba
245 _aDaughters of Anowa
_b African Women and Patriarchy
260 _aNew York
_bOrbis Books
_c1995
300 _a229p
500 _aincludes index and biblioraphy
505 2 _aIndex
650 _aWomen-Africa
650 _aPatriarchy-Women
700 1 _aOduyoye, Mercy Amba
902 _bSRS
942 _cBK
999 _c9934
_d9934